Casteism in indian politics/ (Record no. 193721)

MARC details
000 -LEADER
fixed length control field 00585nam a22001817a 4500
005 - DATE AND TIME OF LATEST TRANSACTION
control field 20221111123325.0
010 ## - LCCN (DPL NO)
LC control number ENG-135666
020 ## - INTERNATIONAL STANDARD BOOK NUMBER
International Standard Book Number 9789383514298
Terms of availability 895.00
035 ## - SYSTEM CONTROL NUMBER
System control number EN-119198
037 ## - SOURCE OF ACQUISITION
Source of stock number/acquisition DBAD/PUB
082 ## - DEWEY DECIMAL CLASSIFICATION NUMBER
Classification number 305.51220954
100 ## - MAIN ENTRY--PERSONAL NAME
Personal name Roy, D.N.
245 ## - TITLE STATEMENT
Title Casteism in indian politics/
Statement of responsibility, etc by D.N. Roy
260 ## - PUBLICATION, DISTRIBUTION, ETC. (IMPRINT)
Place of publication, distribution, etc Sangam Vihar
Name of publisher, distributor, etc Lucky International
Date of publication, distribution, etc 2018
270 ## - ADDRESS
Address H-16/1922 , Sangam Vihar
City New Delhi
Postal code 110080
Telephone number 7838260289
Electronic mail address luckybk05@yahoo.co.in
300 ## - PHYSICAL DESCRIPTION
Extent 262p.
Dimensions 23cm(hbk)
Other physical details Bibliography & index
942 ## - ADDED ENTRY ELEMENTS (KOHA)
Source of classification or shelving scheme Dewey Decimal Classification
Item type English Books
Call number suffix ROY
Classification part 305.51220954
Holdings
Withdrawn status Lost status Not for loan Collection code Home library Current library Date acquired Source of acquisition Cost, normal purchase price Full call number Barcode Copy number Cost, replacement price Koha item type
      Non-fiction Vinoba Puri Vinoba Puri 11/11/2022 DBAD/PUB 895.00 305.51220954 ROY EN-119198 1 895.00 English Books

© Delhi Public Library
Hit Counter
free hit counter